<?xml version="1.0" encoding="UTF-8"?>
<record
    xmlns:xsi="http://www.w3.org/2001/XMLSchema-instance"
    xsi:schemaLocation="http://www.loc.gov/MARC21/slim http://www.loc.gov/standards/marcxml/schema/MARC21slim.xsd"
    xmlns="http://www.loc.gov/MARC21/slim">

  <leader>07491nam a22006377a 4500</leader>
  <controlfield tag="005">20090516120543.0</controlfield>
  <controlfield tag="008">090516t        xxu||||| |||| 00| 0 hin d</controlfield>
  <datafield tag="010" ind1=" " ind2=" ">
    <subfield code="a">HIN-86626-627</subfield>
  </datafield>
  <datafield tag="020" ind1=" " ind2=" ">
    <subfield code="a">9788190820448 &#x92D;&#x93E;-1</subfield>
    <subfield code="c">1295.00 (&#x926;&#x94B; &#x916;&#x902;&#x921;) </subfield>
  </datafield>
  <datafield tag="020" ind1=" " ind2=" ">
    <subfield code="a">9788190820448 &#x92D;&#x93E;-2 </subfield>
    <subfield code="c">1295.00 (&#x926;&#x94B; &#x916;&#x902;&#x921;) </subfield>
  </datafield>
  <datafield tag="035" ind1=" " ind2=" ">
    <subfield code="a">HN-58857</subfield>
  </datafield>
  <datafield tag="035" ind1=" " ind2=" ">
    <subfield code="a">B-353743-764</subfield>
  </datafield>
  <datafield tag="037" ind1=" " ind2=" ">
    <subfield code="b">DBAD / PUB</subfield>
  </datafield>
  <datafield tag="037" ind1=" " ind2=" ">
    <subfield code="b">&#x915;&#x93F;&#x924;&#x93E;&#x92C;&#x918;&#x930; &#x92A;&#x94D;&#x930;&#x915;&#x93E;&#x936;&#x928; </subfield>
  </datafield>
  <datafield tag="040" ind1=" " ind2=" ">
    <subfield code="a">dpl</subfield>
    <subfield code="b">hn</subfield>
  </datafield>
  <datafield tag="082" ind1=" " ind2=" ">
    <subfield code="a">954.07</subfield>
  </datafield>
  <datafield tag="100" ind1=" " ind2=" ">
    <subfield code="a">&#x916;&#x941;&#x936;&#x935;&#x902;&#x924; &#x938;&#x93F;&#x902;&#x939;  </subfield>
  </datafield>
  <datafield tag="245" ind1=" " ind2=" ">
    <subfield code="a">&#x938;&#x93F;&#x916;&#x94B;&#x902; &#x915;&#x93E; &#x907;&#x924;&#x93F;&#x939;&#x93E;&#x938;  /</subfield>
    <subfield code="b">&#x916;&#x941;&#x936;&#x935;&#x902;&#x924; &#x938;&#x93F;&#x902;&#x939;; &#x909;&#x937;&#x93E; &#x92E;&#x939;&#x93E;&#x91C;&#x928; &#x926;&#x94D;&#x935;&#x93E;&#x930;&#x93E; &#x905;&#x928;&#x941;&#x926;&#x93F;&#x924; </subfield>
  </datafield>
  <datafield tag="246" ind1=" " ind2=" ">
    <subfield code="a">Sikhon kaa Itihaasa</subfield>
    <subfield code="b">by Khushwant Singh </subfield>
  </datafield>
  <datafield tag="260" ind1=" " ind2=" ">
    <subfield code="a">&#x928;&#x92F;&#x940; &#x926;&#x93F;&#x932;&#x94D;&#x932;&#x940;</subfield>
    <subfield code="b">&#x915;&#x93F;&#x924;&#x93E;&#x92C;&#x918;&#x930; &#x92A;&#x94D;&#x930;&#x915;&#x93E;&#x936;&#x928; </subfield>
    <subfield code="c">2009</subfield>
  </datafield>
  <datafield tag="270" ind1=" " ind2=" ">
    <subfield code="a">4855-56&#x92F;24,&#x905;&#x902;&#x938;&#x93E;&#x930;&#x940; &#x930;&#x94B;&#x921;&#x93C;, &#x926;&#x930;&#x93F;&#x92F;&#x93E;&#x917;&#x902;&#x91C;</subfield>
    <subfield code="b">&#x928;&#x92F;&#x940; &#x926;&#x93F;&#x932;&#x94D;&#x932;&#x940;</subfield>
    <subfield code="e">110002 </subfield>
  </datafield>
  <datafield tag="300" ind1=" " ind2=" ">
    <subfield code="a">2&#x92D;&#x93E;.(416&#x92A;&#x943;.; 540&#x92A;&#x943;.)</subfield>
    <subfield code="c">22&#x938;&#x947;&#x92E;&#x940; (&#x938;&#x91C;&#x93F;&#x932;&#x94D;&#x926;) </subfield>
  </datafield>
  <datafield tag="500" ind1=" " ind2=" ">
    <subfield code="a">&#x926;&#x94B; &#x92D;&#x93E;&#x917;&#x94B;&#x902; &#x92E;&#x947;&#x902; &#x92A;&#x94D;&#x930;&#x915;&#x93E;&#x936;&#x93F;&#x924; (&#x916;&#x902;&#x921;-1: 1469-1839) (&#x916;&#x902;&#x921;-2: 1839-2004)</subfield>
  </datafield>
  <datafield tag="500" ind1=" " ind2=" ">
    <subfield code="a">&#x926;&#x94B; &#x92D;&#x93E;&#x917;&#x94B;&#x902; &#x915;&#x93E; &#x92E;&#x942;&#x932;&#x94D;&#x92F; 1295.00</subfield>
  </datafield>
  <datafield tag="650" ind1=" " ind2=" ">
    <subfield code="a">Sikhs</subfield>
    <subfield code="x">History</subfield>
  </datafield>
  <datafield tag="651" ind1=" " ind2=" ">
    <subfield code="a">&#x938;&#x93F;&#x916; </subfield>
    <subfield code="x">&#x907;&#x924;&#x93F;&#x939;&#x93E;&#x938;</subfield>
  </datafield>
  <datafield tag="651" ind1=" " ind2=" ">
    <subfield code="a">&#x92D;&#x93E;&#x930;&#x924;</subfield>
    <subfield code="x">&#x907;&#x924;&#x93F;&#x939;&#x93E;&#x938;</subfield>
  </datafield>
  <datafield tag="651" ind1=" " ind2=" ">
    <subfield code="a">India</subfield>
    <subfield code="x">History</subfield>
  </datafield>
  <datafield tag="700" ind1=" " ind2=" ">
    <subfield code="a">&#x92E;&#x939;&#x93E;&#x91C;&#x928;, &#x909;&#x937;&#x93E; </subfield>
  </datafield>
  <datafield tag="942" ind1=" " ind2=" ">
    <subfield code="2">ddc</subfield>
    <subfield code="c">HN</subfield>
    <subfield code="m">&#x916;&#x941;&#x936;&#x935;&#x902;</subfield>
    <subfield code="h">954.07</subfield>
  </datafield>
  <datafield tag="999" ind1=" " ind2=" ">
    <subfield code="c">26463</subfield>
    <subfield code="d">26463</subfield>
  </datafield>
  <datafield tag="952" ind1=" " ind2=" ">
    <subfield code="0">0</subfield>
    <subfield code="1">0</subfield>
    <subfield code="2">ddc</subfield>
    <subfield code="3">&#x92D;&#x93E;-1</subfield>
    <subfield code="4">0</subfield>
    <subfield code="7">1</subfield>
    <subfield code="8">NFIC</subfield>
    <subfield code="a">DBAD</subfield>
    <subfield code="b">DBAD</subfield>
    <subfield code="d">2009-05-27</subfield>
    <subfield code="e">DBAD / PUB</subfield>
    <subfield code="g">1295.00</subfield>
    <subfield code="l">0</subfield>
    <subfield code="o">954.07 &#x916;&#x941;&#x936;&#x935;&#x902;</subfield>
    <subfield code="p">HN-58972</subfield>
    <subfield code="r">2009-05-27 00:00:00</subfield>
    <subfield code="t">1</subfield>
    <subfield code="v">1295.00</subfield>
    <subfield code="w">2009-05-27</subfield>
    <subfield code="y">HN</subfield>
    <subfield code="z">&#x92D;&#x93E;-1</subfield>
  </datafield>
  <datafield tag="952" ind1=" " ind2=" ">
    <subfield code="0">0</subfield>
    <subfield code="1">0</subfield>
    <subfield code="2">ddc</subfield>
    <subfield code="3">&#x92D;&#x93E;-2</subfield>
    <subfield code="4">0</subfield>
    <subfield code="7">1</subfield>
    <subfield code="8">NFIC</subfield>
    <subfield code="a">DBAD</subfield>
    <subfield code="b">DBAD</subfield>
    <subfield code="d">2009-05-27</subfield>
    <subfield code="e">DBAD / PUB</subfield>
    <subfield code="g">1295.00</subfield>
    <subfield code="l">0</subfield>
    <subfield code="o">954.07 &#x916;&#x941;&#x936;&#x935;&#x902;</subfield>
    <subfield code="p">HN-58973</subfield>
    <subfield code="r">2009-05-27 00:00:00</subfield>
    <subfield code="t">1</subfield>
    <subfield code="v">1295.00</subfield>
    <subfield code="w">2009-05-27</subfield>
    <subfield code="y">HN</subfield>
    <subfield code="z">&#x92D;&#x93E;-2</subfield>
  </datafield>
  <datafield tag="952" ind1=" " ind2=" ">
    <subfield code="0">0</subfield>
    <subfield code="1">0</subfield>
    <subfield code="2">ddc</subfield>
    <subfield code="3">&#x92D;&#x93E;-1</subfield>
    <subfield code="4">0</subfield>
    <subfield code="7">0</subfield>
    <subfield code="8">NFIC</subfield>
    <subfield code="a">L</subfield>
    <subfield code="b">L</subfield>
    <subfield code="d">2009-10-10</subfield>
    <subfield code="e"> 5099/27.7.09/38/11.7.09/29.7.09</subfield>
    <subfield code="g">1295.00</subfield>
    <subfield code="l">0</subfield>
    <subfield code="o">954.07 &#x916;&#x941;&#x936;&#x935;&#x902;</subfield>
    <subfield code="p">B-353743</subfield>
    <subfield code="r">2009-10-10 00:00:00</subfield>
    <subfield code="t">1</subfield>
    <subfield code="v">1295.00</subfield>
    <subfield code="w">2009-10-10</subfield>
    <subfield code="y">HN</subfield>
    <subfield code="z">&#x92D;&#x93E;-1</subfield>
  </datafield>
  <datafield tag="952" ind1=" " ind2=" ">
    <subfield code="0">0</subfield>
    <subfield code="1">0</subfield>
    <subfield code="2">ddc</subfield>
    <subfield code="3">&#x92D;&#x93E;-1</subfield>
    <subfield code="4">0</subfield>
    <subfield code="7">0</subfield>
    <subfield code="8">NFIC</subfield>
    <subfield code="a">M</subfield>
    <subfield code="b">M</subfield>
    <subfield code="d">2009-10-10</subfield>
    <subfield code="e"> 5099/27.7.09/38/11.7.09/29.7.09</subfield>
    <subfield code="g">1295.00</subfield>
    <subfield code="l">0</subfield>
    <subfield code="o">954.07 &#x916;&#x941;&#x936;&#x935;&#x902;</subfield>
    <subfield code="p">B-353744</subfield>
    <subfield code="r">2009-10-10 00:00:00</subfield>
    <subfield code="t">2</subfield>
    <subfield code="v">1295.00</subfield>
    <subfield code="w">2009-10-10</subfield>
    <subfield code="y">HN</subfield>
    <subfield code="z">&#x92D;&#x93E;-1</subfield>
  </datafield>
  <datafield tag="952" ind1=" " ind2=" ">
    <subfield code="0">0</subfield>
    <subfield code="1">0</subfield>
    <subfield code="2">ddc</subfield>
    <subfield code="3">&#x92D;&#x93E;-1</subfield>
    <subfield code="4">0</subfield>
    <subfield code="7">0</subfield>
    <subfield code="8">NFIC</subfield>
    <subfield code="a">M</subfield>
    <subfield code="b">M</subfield>
    <subfield code="d">2009-10-10</subfield>
    <subfield code="e"> 5099/27.7.09/38/11.7.09/29.7.09</subfield>
    <subfield code="g">1295.00</subfield>
    <subfield code="l">0</subfield>
    <subfield code="o">954.07 &#x916;&#x941;&#x936;&#x935;&#x902;</subfield>
    <subfield code="p">B-353745</subfield>
    <subfield code="r">2009-10-10 00:00:00</subfield>
    <subfield code="t">2</subfield>
    <subfield code="v">1295.00</subfield>
    <subfield code="w">2009-10-10</subfield>
    <subfield code="y">HN</subfield>
    <subfield code="z">&#x92D;&#x93E;-1</subfield>
  </datafield>
  <datafield tag="952" ind1=" " ind2=" ">
    <subfield code="0">0</subfield>
    <subfield code="1">0</subfield>
    <subfield code="2">ddc</subfield>
    <subfield code="3">&#x92D;&#x93E;-1</subfield>
    <subfield code="4">0</subfield>
    <subfield code="7">0</subfield>
    <subfield code="8">NFIC</subfield>
    <subfield code="a">BL1</subfield>
    <subfield code="b">BL1</subfield>
    <subfield code="d">2009-10-10</subfield>
    <subfield code="e"> 5099/27.7.09/38/11.7.09/29.7.09</subfield>
    <subfield code="g">1295.00</subfield>
    <subfield code="l">0</subfield>
    <subfield code="o">954.07 &#x916;&#x941;&#x936;&#x935;&#x902;</subfield>
    <subfield code="p">B-353746</subfield>
    <subfield code="r">2009-10-10 00:00:00</subfield>
    <subfield code="t">1</subfield>
    <subfield code="v">1295.00</subfield>
    <subfield code="w">2009-10-10</subfield>
    <subfield code="y">HN</subfield>
    <subfield code="z">&#x92D;&#x93E;-1</subfield>
  </datafield>
  <datafield tag="952" ind1=" " ind2=" ">
    <subfield code="0">0</subfield>
    <subfield code="1">0</subfield>
    <subfield code="2">ddc</subfield>
    <subfield code="3">&#x92D;&#x93E;-1</subfield>
    <subfield code="4">0</subfield>
    <subfield code="7">0</subfield>
    <subfield code="8">NFIC</subfield>
    <subfield code="a">NRN</subfield>
    <subfield code="b">NRN</subfield>
    <subfield code="d">2009-10-10</subfield>
    <subfield code="e"> 5099/27.7.09/38/11.7.09/29.7.09</subfield>
    <subfield code="g">1295.00</subfield>
    <subfield code="l">0</subfield>
    <subfield code="o">954.07 &#x916;&#x941;&#x936;&#x935;&#x902;</subfield>
    <subfield code="p">B-353747</subfield>
    <subfield code="r">2009-10-10 00:00:00</subfield>
    <subfield code="t">1</subfield>
    <subfield code="v">1295.00</subfield>
    <subfield code="w">2009-10-10</subfield>
    <subfield code="y">HN</subfield>
    <subfield code="z">&#x92D;&#x93E;-1</subfield>
  </datafield>
  <datafield tag="952" ind1=" " ind2=" ">
    <subfield code="0">0</subfield>
    <subfield code="1">0</subfield>
    <subfield code="2">ddc</subfield>
    <subfield code="3">&#x92D;&#x93E;-1</subfield>
    <subfield code="4">0</subfield>
    <subfield code="7">0</subfield>
    <subfield code="8">NFIC</subfield>
    <subfield code="a">JP</subfield>
    <subfield code="b">JP</subfield>
    <subfield code="d">2009-10-10</subfield>
    <subfield code="e"> 5099/27.7.09/38/11.7.09/29.7.09</subfield>
    <subfield code="g">1295.00</subfield>
    <subfield code="l">21</subfield>
    <subfield code="m">1</subfield>
    <subfield code="o">954.07 &#x916;&#x941;&#x936;&#x935;&#x902;</subfield>
    <subfield code="p">B-353748</subfield>
    <subfield code="r">2011-10-19 00:00:00</subfield>
    <subfield code="s">2011-09-23</subfield>
    <subfield code="t">1</subfield>
    <subfield code="v">1295.00</subfield>
    <subfield code="w">2009-10-10</subfield>
    <subfield code="y">HN</subfield>
    <subfield code="z">&#x92D;&#x93E;-1</subfield>
  </datafield>
  <datafield tag="952" ind1=" " ind2=" ">
    <subfield code="0">0</subfield>
    <subfield code="1">5</subfield>
    <subfield code="2">ddc</subfield>
    <subfield code="3">&#x92D;&#x93E;-1</subfield>
    <subfield code="4">0</subfield>
    <subfield code="7">0</subfield>
    <subfield code="8">NFIC</subfield>
    <subfield code="a">ZLS</subfield>
    <subfield code="b">ZLS</subfield>
    <subfield code="d">2009-10-10</subfield>
    <subfield code="e"> 5099/27.7.09/38/11.7.09/29.7.09</subfield>
    <subfield code="g">1295.00</subfield>
    <subfield code="l">0</subfield>
    <subfield code="o">954.07 &#x916;&#x941;&#x936;&#x935;&#x902;</subfield>
    <subfield code="p">B-353749</subfield>
    <subfield code="r">2009-10-10 00:00:00</subfield>
    <subfield code="t">1</subfield>
    <subfield code="v">1295.00</subfield>
    <subfield code="y">HN</subfield>
    <subfield code="z">&#x92D;&#x93E;-1</subfield>
  </datafield>
  <datafield tag="952" ind1=" " ind2=" ">
    <subfield code="0">0</subfield>
    <subfield code="1">5</subfield>
    <subfield code="2">ddc</subfield>
    <subfield code="3">&#x92D;&#x93E;-1</subfield>
    <subfield code="4">0</subfield>
    <subfield code="7">0</subfield>
    <subfield code="8">NFIC</subfield>
    <subfield code="a">VP</subfield>
    <subfield code="b">VP</subfield>
    <subfield code="d">2009-10-10</subfield>
    <subfield code="e"> 5099/27.7.09/38/11.7.09/29.7.09</subfield>
    <subfield code="g">1295.00</subfield>
    <subfield code="l">2</subfield>
    <subfield code="m">1</subfield>
    <subfield code="o">954.07 &#x916;&#x941;&#x936;&#x935;&#x902;</subfield>
    <subfield code="p">B-353750</subfield>
    <subfield code="r">2010-10-11 00:00:00</subfield>
    <subfield code="s">2010-08-14</subfield>
    <subfield code="t">1</subfield>
    <subfield code="v">1295.00</subfield>
    <subfield code="y">HN</subfield>
    <subfield code="z">&#x92D;&#x93E;-1</subfield>
  </datafield>
  <datafield tag="952" ind1=" " ind2=" ">
    <subfield code="0">0</subfield>
    <subfield code="1">0</subfield>
    <subfield code="2">ddc</subfield>
    <subfield code="3">&#x92D;&#x93E;-1</subfield>
    <subfield code="4">0</subfield>
    <subfield code="7">0</subfield>
    <subfield code="8">NFIC</subfield>
    <subfield code="a">BL3</subfield>
    <subfield code="b">BL3</subfield>
    <subfield code="d">2009-10-10</subfield>
    <subfield code="e"> 5099/27.7.09/38/11.7.09/29.7.09</subfield>
    <subfield code="g">1295.00</subfield>
    <subfield code="l">0</subfield>
    <subfield code="o">954.07 &#x916;&#x941;&#x936;&#x935;&#x902;</subfield>
    <subfield code="p">B-353751</subfield>
    <subfield code="r">2009-10-10 00:00:00</subfield>
    <subfield code="t">1</subfield>
    <subfield code="v">1295.00</subfield>
    <subfield code="w">2009-10-10</subfield>
    <subfield code="y">HN</subfield>
    <subfield code="z">&#x92D;&#x93E;-1</subfield>
  </datafield>
  <datafield tag="952" ind1=" " ind2=" ">
    <subfield code="0">0</subfield>
    <subfield code="1">0</subfield>
    <subfield code="2">ddc</subfield>
    <subfield code="3">&#x92D;&#x93E;-1</subfield>
    <subfield code="4">0</subfield>
    <subfield code="7">0</subfield>
    <subfield code="8">NFIC</subfield>
    <subfield code="a">BL4</subfield>
    <subfield code="b">BL4</subfield>
    <subfield code="d">2009-10-10</subfield>
    <subfield code="e"> 5099/27.7.09/38/11.7.09/29.7.09</subfield>
    <subfield code="g">1295.00</subfield>
    <subfield code="l">0</subfield>
    <subfield code="o">954.07 &#x916;&#x941;&#x936;&#x935;&#x902;</subfield>
    <subfield code="p">B-353752</subfield>
    <subfield code="r">2009-10-10 00:00:00</subfield>
    <subfield code="t">1</subfield>
    <subfield code="v">1295.00</subfield>
    <subfield code="w">2009-10-10</subfield>
    <subfield code="y">HN</subfield>
    <subfield code="z">&#x92D;&#x93E;-1</subfield>
  </datafield>
  <datafield tag="952" ind1=" " ind2=" ">
    <subfield code="0">0</subfield>
    <subfield code="1">0</subfield>
    <subfield code="2">ddc</subfield>
    <subfield code="3">&#x92D;&#x93E;-1</subfield>
    <subfield code="4">0</subfield>
    <subfield code="7">0</subfield>
    <subfield code="8">NFIC</subfield>
    <subfield code="a">YV</subfield>
    <subfield code="b">YV</subfield>
    <subfield code="d">2009-10-10</subfield>
    <subfield code="e"> 5099/27.7.09/38/11.7.09/29.7.09</subfield>
    <subfield code="g">1295.00</subfield>
    <subfield code="l">4</subfield>
    <subfield code="m">2</subfield>
    <subfield code="o">954.07 &#x916;&#x941;&#x936;&#x935;&#x902;</subfield>
    <subfield code="p">B-353753</subfield>
    <subfield code="r">2019-08-30 00:00:00</subfield>
    <subfield code="s">2019-08-22</subfield>
    <subfield code="t">1</subfield>
    <subfield code="v">1295.00</subfield>
    <subfield code="w">2009-10-10</subfield>
    <subfield code="y">HN</subfield>
    <subfield code="z">&#x92D;&#x93E;-1</subfield>
  </datafield>
  <datafield tag="952" ind1=" " ind2=" ">
    <subfield code="0">0</subfield>
    <subfield code="1">0</subfield>
    <subfield code="2">ddc</subfield>
    <subfield code="3">&#x92D;&#x93E;-2</subfield>
    <subfield code="4">0</subfield>
    <subfield code="7">0</subfield>
    <subfield code="8">NFIC</subfield>
    <subfield code="a">L</subfield>
    <subfield code="b">L</subfield>
    <subfield code="d">2009-10-10</subfield>
    <subfield code="e"> 5099/27.7.09/38/11.7.09/29.7.09</subfield>
    <subfield code="g">1295.00</subfield>
    <subfield code="l">1</subfield>
    <subfield code="o">954.07 &#x916;&#x941;&#x936;&#x935;&#x902;</subfield>
    <subfield code="p">B-353754</subfield>
    <subfield code="r">2018-06-11 00:00:00</subfield>
    <subfield code="s">2018-06-08</subfield>
    <subfield code="t">1</subfield>
    <subfield code="v">1295.00</subfield>
    <subfield code="w">2009-10-10</subfield>
    <subfield code="y">HN</subfield>
    <subfield code="z">&#x92D;&#x93E;-2</subfield>
  </datafield>
  <datafield tag="952" ind1=" " ind2=" ">
    <subfield code="0">4</subfield>
    <subfield code="1">0</subfield>
    <subfield code="2">ddc</subfield>
    <subfield code="3">&#x92D;&#x93E;-2</subfield>
    <subfield code="4">0</subfield>
    <subfield code="7">0</subfield>
    <subfield code="8">NFIC</subfield>
    <subfield code="a">M</subfield>
    <subfield code="b">M</subfield>
    <subfield code="d">2009-10-10</subfield>
    <subfield code="e"> 5099/27.7.09/38/11.7.09/29.7.09</subfield>
    <subfield code="g">1295.00</subfield>
    <subfield code="l">0</subfield>
    <subfield code="o">954.07 &#x916;&#x941;&#x936;&#x935;&#x902;</subfield>
    <subfield code="p">B-353755</subfield>
    <subfield code="r">2009-10-10 00:00:00</subfield>
    <subfield code="t">2</subfield>
    <subfield code="v">1295.00</subfield>
    <subfield code="w">2009-10-10</subfield>
    <subfield code="y">HN</subfield>
    <subfield code="z">&#x92D;&#x93E;-2Written off on approval by DLB (By Circulation); dtd 15-06-2023</subfield>
  </datafield>
  <datafield tag="952" ind1=" " ind2=" ">
    <subfield code="0">0</subfield>
    <subfield code="1">0</subfield>
    <subfield code="2">ddc</subfield>
    <subfield code="3">&#x92D;&#x93E;-2</subfield>
    <subfield code="4">0</subfield>
    <subfield code="7">0</subfield>
    <subfield code="8">NFIC</subfield>
    <subfield code="a">M</subfield>
    <subfield code="b">M</subfield>
    <subfield code="d">2009-10-10</subfield>
    <subfield code="e"> 5099/27.7.09/38/11.7.09/29.7.09</subfield>
    <subfield code="g">1295.00</subfield>
    <subfield code="l">0</subfield>
    <subfield code="o">954.07 &#x916;&#x941;&#x936;&#x935;&#x902;</subfield>
    <subfield code="p">B-353756</subfield>
    <subfield code="r">2009-10-10 00:00:00</subfield>
    <subfield code="t">2</subfield>
    <subfield code="v">1295.00</subfield>
    <subfield code="w">2009-10-10</subfield>
    <subfield code="y">HN</subfield>
    <subfield code="z">&#x92D;&#x93E;-2</subfield>
  </datafield>
  <datafield tag="952" ind1=" " ind2=" ">
    <subfield code="0">0</subfield>
    <subfield code="1">5</subfield>
    <subfield code="2">ddc</subfield>
    <subfield code="3">&#x92D;&#x93E;-2</subfield>
    <subfield code="4">0</subfield>
    <subfield code="7">0</subfield>
    <subfield code="8">NFIC</subfield>
    <subfield code="a">BL1</subfield>
    <subfield code="b">BL1</subfield>
    <subfield code="d">2009-10-10</subfield>
    <subfield code="e"> 5099/27.7.09/38/11.7.09/29.7.09</subfield>
    <subfield code="g">1295.00</subfield>
    <subfield code="l">0</subfield>
    <subfield code="o">954.07 &#x916;&#x941;&#x936;&#x935;&#x902;</subfield>
    <subfield code="p">B-353757</subfield>
    <subfield code="r">2009-10-10 00:00:00</subfield>
    <subfield code="t">1</subfield>
    <subfield code="v">1295.00</subfield>
    <subfield code="y">HN</subfield>
    <subfield code="z">&#x92D;&#x93E;-2</subfield>
  </datafield>
  <datafield tag="952" ind1=" " ind2=" ">
    <subfield code="0">0</subfield>
    <subfield code="1">0</subfield>
    <subfield code="2">ddc</subfield>
    <subfield code="3">&#x92D;&#x93E;-2</subfield>
    <subfield code="4">0</subfield>
    <subfield code="7">0</subfield>
    <subfield code="8">NFIC</subfield>
    <subfield code="a">NRN</subfield>
    <subfield code="b">NRN</subfield>
    <subfield code="d">2009-10-10</subfield>
    <subfield code="e"> 5099/27.7.09/38/11.7.09/29.7.09</subfield>
    <subfield code="g">1295.00</subfield>
    <subfield code="l">0</subfield>
    <subfield code="o">954.07 &#x916;&#x941;&#x936;&#x935;&#x902;</subfield>
    <subfield code="p">B-353758</subfield>
    <subfield code="r">2009-10-10 00:00:00</subfield>
    <subfield code="t">1</subfield>
    <subfield code="v">1295.00</subfield>
    <subfield code="w">2009-10-10</subfield>
    <subfield code="y">HN</subfield>
    <subfield code="z">&#x92D;&#x93E;-2</subfield>
  </datafield>
  <datafield tag="952" ind1=" " ind2=" ">
    <subfield code="0">0</subfield>
    <subfield code="1">0</subfield>
    <subfield code="2">ddc</subfield>
    <subfield code="3">&#x92D;&#x93E;-2</subfield>
    <subfield code="4">0</subfield>
    <subfield code="7">0</subfield>
    <subfield code="8">NFIC</subfield>
    <subfield code="a">JP</subfield>
    <subfield code="b">JP</subfield>
    <subfield code="d">2009-10-10</subfield>
    <subfield code="e"> 5099/27.7.09/38/11.7.09/29.7.09</subfield>
    <subfield code="g">1295.00</subfield>
    <subfield code="l">6</subfield>
    <subfield code="o">954.07 &#x916;&#x941;&#x936;&#x935;&#x902;</subfield>
    <subfield code="p">B-353759</subfield>
    <subfield code="r">2018-06-27 00:00:00</subfield>
    <subfield code="s">2011-04-11</subfield>
    <subfield code="t">1</subfield>
    <subfield code="v">1295.00</subfield>
    <subfield code="w">2009-10-10</subfield>
    <subfield code="y">HN</subfield>
    <subfield code="z">&#x92D;&#x93E;-2</subfield>
  </datafield>
  <datafield tag="952" ind1=" " ind2=" ">
    <subfield code="0">0</subfield>
    <subfield code="1">5</subfield>
    <subfield code="2">ddc</subfield>
    <subfield code="3">&#x92D;&#x93E;-2</subfield>
    <subfield code="4">0</subfield>
    <subfield code="7">0</subfield>
    <subfield code="8">NFIC</subfield>
    <subfield code="a">ZLS</subfield>
    <subfield code="b">ZLS</subfield>
    <subfield code="d">2009-10-10</subfield>
    <subfield code="e"> 5099/27.7.09/38/11.7.09/29.7.09</subfield>
    <subfield code="g">1295.00</subfield>
    <subfield code="l">0</subfield>
    <subfield code="o">954.07 &#x916;&#x941;&#x936;&#x935;&#x902;</subfield>
    <subfield code="p">B-353760</subfield>
    <subfield code="r">2009-10-10 00:00:00</subfield>
    <subfield code="t">1</subfield>
    <subfield code="v">1295.00</subfield>
    <subfield code="y">HN</subfield>
    <subfield code="z">&#x92D;&#x93E;-2</subfield>
  </datafield>
  <datafield tag="952" ind1=" " ind2=" ">
    <subfield code="0">0</subfield>
    <subfield code="1">0</subfield>
    <subfield code="2">ddc</subfield>
    <subfield code="3">&#x92D;&#x93E;-2</subfield>
    <subfield code="4">0</subfield>
    <subfield code="7">0</subfield>
    <subfield code="8">NFIC</subfield>
    <subfield code="a">VP</subfield>
    <subfield code="b">VP</subfield>
    <subfield code="d">2009-10-10</subfield>
    <subfield code="e"> 5099/27.7.09/38/11.7.09/29.7.09</subfield>
    <subfield code="g">1295.00</subfield>
    <subfield code="l">6</subfield>
    <subfield code="o">954.07 &#x916;&#x941;&#x936;&#x935;&#x902;</subfield>
    <subfield code="p">B-353761</subfield>
    <subfield code="r">2013-10-23 00:00:00</subfield>
    <subfield code="s">2013-10-14</subfield>
    <subfield code="t">1</subfield>
    <subfield code="v">1295.00</subfield>
    <subfield code="w">2009-10-10</subfield>
    <subfield code="y">HN</subfield>
    <subfield code="z">&#x92D;&#x93E;-2</subfield>
  </datafield>
  <datafield tag="952" ind1=" " ind2=" ">
    <subfield code="0">0</subfield>
    <subfield code="1">0</subfield>
    <subfield code="2">ddc</subfield>
    <subfield code="3">&#x92D;&#x93E;-2</subfield>
    <subfield code="4">0</subfield>
    <subfield code="7">0</subfield>
    <subfield code="8">NFIC</subfield>
    <subfield code="a">BL3</subfield>
    <subfield code="b">BL3</subfield>
    <subfield code="d">2009-10-10</subfield>
    <subfield code="e"> 5099/27.7.09/38/11.7.09/29.7.09</subfield>
    <subfield code="g">1295.00</subfield>
    <subfield code="l">0</subfield>
    <subfield code="o">954.07 &#x916;&#x941;&#x936;&#x935;&#x902;</subfield>
    <subfield code="p">B-353762</subfield>
    <subfield code="r">2010-05-24 00:00:00</subfield>
    <subfield code="t">1</subfield>
    <subfield code="v">1295.00</subfield>
    <subfield code="w">2009-10-10</subfield>
    <subfield code="y">HN</subfield>
    <subfield code="z">&#x92D;&#x93E;-2</subfield>
  </datafield>
  <datafield tag="952" ind1=" " ind2=" ">
    <subfield code="0">4</subfield>
    <subfield code="1">0</subfield>
    <subfield code="2">ddc</subfield>
    <subfield code="3">&#x92D;&#x93E;-2</subfield>
    <subfield code="4">0</subfield>
    <subfield code="7">0</subfield>
    <subfield code="8">NFIC</subfield>
    <subfield code="a">BL4</subfield>
    <subfield code="b">BL4</subfield>
    <subfield code="d">2009-10-10</subfield>
    <subfield code="e"> 5099/27.7.09/38/11.7.09/29.7.09</subfield>
    <subfield code="g">1295.00</subfield>
    <subfield code="l">0</subfield>
    <subfield code="o">954.07 &#x916;&#x941;&#x936;&#x935;&#x902;</subfield>
    <subfield code="p">B-353763</subfield>
    <subfield code="r">2009-10-10 00:00:00</subfield>
    <subfield code="t">1</subfield>
    <subfield code="v">1295.00</subfield>
    <subfield code="w">2009-10-10</subfield>
    <subfield code="y">HN</subfield>
    <subfield code="z">&#x92D;&#x93E;-2Written off on approval by DLB (By Circulation); dtd 20.12.2022</subfield>
  </datafield>
  <datafield tag="952" ind1=" " ind2=" ">
    <subfield code="0">0</subfield>
    <subfield code="1">0</subfield>
    <subfield code="2">ddc</subfield>
    <subfield code="3">&#x92D;&#x93E;-2</subfield>
    <subfield code="4">0</subfield>
    <subfield code="7">0</subfield>
    <subfield code="8">NFIC</subfield>
    <subfield code="a">YV</subfield>
    <subfield code="b">YV</subfield>
    <subfield code="d">2009-10-10</subfield>
    <subfield code="e"> 5099/27.7.09/38/11.7.09/29.7.09</subfield>
    <subfield code="g">1295.00</subfield>
    <subfield code="l">3</subfield>
    <subfield code="o">954.07 &#x916;&#x941;&#x936;&#x935;&#x902;</subfield>
    <subfield code="p">B-353764</subfield>
    <subfield code="r">2017-12-15 00:00:00</subfield>
    <subfield code="s">2017-12-01</subfield>
    <subfield code="t">1</subfield>
    <subfield code="v">1295.00</subfield>
    <subfield code="w">2009-10-10</subfield>
    <subfield code="y">HN</subfield>
    <subfield code="z">&#x92D;&#x93E;-2</subfield>
  </datafield>
</record>
